| 000 | 01637nam0a2200361 i 4500 | ||
|---|---|---|---|
| 001 | RU\NLR\bibl\2056037 | ||
| 005 | 20260406150706.0 | ||
| 010 |
_a9785815810969 _9500 |
||
| 021 |
_aRU _b2013-49081 _93401 |
||
| 035 | _a(nilc)RuMoRGB-006596552 | ||
| 035 | _a(NLR Aleph) 002042937 | ||
| 090 |
_a4604815 _c4604815 |
||
| 100 | _a20130624d2013 k y0rusy50 ca | ||
| 101 | 0 | _arus | |
| 102 | _aRU | ||
| 105 | _ay ||||||||| | ||
| 200 | 1 |
_aТри мироощущения и пути жизни _eфилософское осмысление религии, эзотерики и рационализма _eмонография _fВадим Розин _gМ-во образования и науки Рос. Федерации, Федер. гос. бюджет. образоват. учреждение высш. проф. образования "Поволж. гос. технол. ун-т" |
|
| 210 |
_aЙошкар-Ола _cПГТУ _d2013 |
||
| 215 |
_a322 с. _d21 |
||
| 320 | _aБиблиогр.: с. 318-322 (111 назв.) и в подстроч. прим. | ||
| 606 |
_aПознание мистическое _92132480 _3RU\NLR\AUTH\661286361 |
||
| 606 | 1 |
_aРелигия _9978692 _3RU\NLR\AUTH\6649461 |
|
| 686 | 1 | _aЮ225.6 | |
| 686 | 1 | _aЭ2,0 | |
| 700 | 1 |
_4070 _8rus _7ca _aРозин _bВ. М. _f1937- _gВадим Маркович _3RU\NLR\auth\775192 _9115160 |
|
| 801 | 0 |
_aRU _bRuMoRKP _c20130624 _gRCR |
|
| 801 | 2 |
_aRU _bРГБ _c20130702 _grcr |
|
| 801 | 1 |
_aRU _bRuMoRKP _c20130624 _2rusmarc |
|
| 801 | 2 |
_aRU _bNLR _c20130722 _grcr |
|
| 942 | _cBOOK | ||
| 980 | _aNBR | ||